000 00463nam a2200169 i 4500
001 94481
003 ES-MaACL
005 20230906181503.0
007 t|
008 050506s1968 sp ||||1| spa d
100 1 _aLorenzo, Pedro de.
_974161
245 1 0 _aExtremadura, la fantasía heróica /
_cPedro de Lorenzo.
250 _a2ª ed.
260 _aMadrid :
_bEd. Nacional,
_c1968.
300 _aXVII, 369 p. ;
_c21 cm.
852 _aES-MaACL
_jC-56504
_bR.89264
999 _c94481
_d94481